| 000 | 01044nam a2200289 i 4500 | ||
|---|---|---|---|
| 001 | bg | ||
| 100 | 1 | _aKUNDERA, Jarosław | |
| 245 | 1 | 0 |
_aWymiana towarów i inwestycji między Polską a krajami Unii Europejskiej / _cJarosław Kundera i Elżbieta Ostrowska. |
| 260 |
_aWrocław : _bWydaw. Uniwersytetu Wrocławskiego, _c1998. |
||
| 300 |
_a143 s. : _berr. ; _c21 cm. |
||
| 490 | 1 |
_aActa Universitatis Wratislaviensis, _x0239-6661 ; _vno 2091 |
|
| 500 | _aStreszcz. fr. | ||
| 504 | _aBibliogr. s. 136-138. | ||
| 650 | 9 |
_aUnia Europejska a Polska _xhandel _yod 1989 r. |
|
| 650 | 9 |
_aHandel zagraniczny _zPolska _yod 1989 r. |
|
| 650 | 9 |
_aInwestycje zagraniczne _zEuropa _yod 1989 r. |
|
| 650 | 9 |
_aPolska a Unia Europejska _xhandel _yod 1989 r. |
|
| 700 | 1 | _aOSTROWSKA, Elżbieta | |
| 830 |
_aActa Universitatis Wratislaviensis, _x0239-6661 ; |
||
| 020 | _a8322917899 | ||
| 040 | _cBPK | ||
| 041 | 0 |
_apl _bfr |
|
| 080 | _a339.5+339.727](438:4-67) | ||
| 920 | _a83-229-1789-9 | ||
| 942 | _cKS | ||
| 008 | s pl f |000 0 pol | ||
| 999 |
_c36471 _d36471 |
||
| 856 |
_uhttp://koha.tu.koszalin.pl/cgi-bin/koha/opac-detail.pl?biblionumber=36471 _yKatalog online BPK |
||